皇朝十二銭 - Statistics

General Stats
  • This quiz has been taken 6 times
  • The average score is 1 of 12
Answer Stats
解答 鋳造年 鋳造時の天皇 % Correct
和同開珎 708年 元明天皇
100%
乾元大宝 958年 村上天皇
20%
万年通宝 760年 淳仁天皇
0%
神功通宝 765年 称徳天皇
0%
隆平永宝 796年 桓武天皇
0%
富寿神宝 818年 嵯峨天皇
0%
承和昌宝 835年 仁明天皇
0%
長年大宝 848年 任明天皇
0%
饒益神宝 859年 清和天皇
0%
貞観永宝 870年 清和天皇
0%
寛平大宝 890年 宇多天皇
0%
延喜通宝 907年 醍醐天皇
0%
No matching quizzes found
Score Distribution
Percent of People with Each Score
Percentile by Number Answered
Your Score History
You have not taken this quiz